| 000 | 00421nam a2200157Ia 4500 | ||
|---|---|---|---|
| 008 | 210210b1989 xxu||||| |||| 00| 0 eng d | ||
| 020 | _a81 85273 18 9 | ||
| 082 | _a330.954 SINI | ||
| 100 | _aSINGH (R L). | ||
| 245 | _aIndia: a regional geography. | ||
| 260 |
_aVaranasi _bNational Geographical Society of India _c1989 |
||
| 300 | _a992 | ||
| 650 | _aIndia Geography | ||
| 690 | _aEconomic Geography | ||
| 906 | _a043190 | ||
| 999 |
_c92798 _d92798 |
||